Manual de artes gráficas /

Guardado en:
Detalles Bibliográficos
Otros autores: Bruno, Michael H (prólogo) (prólogo)
Formato: Libro
Idioma:Español
Publicado: Cali, Colombia : Productora de Papeles, 1993, c1978
Temas:
Etiquetas: Agrega una etiqueta
Sin etiquetas, Sé el primero en etiquetar este registro!

MARC

LEADER 00000nam^a2200000^a^4500
001 000361136
005 20250521000000.0
009 20260310115444.814
020 |a 958-04-2598-1 
037 |a Acervo ITESO - Biblioteca 
041 |a ESP 
082 |a 686.  |b MAN 
245 1 0 |a Manual de artes gráficas /  |c Pról. de M.H. Bruno. 
264 4 |a Cali, Colombia :  |b Productora de Papeles,  |c 1993, c1978 
300 |a 263 p. 
336 |a texto  |b txt  |2 rdacontenido 
337 |a sin mediación  |b n  |2 rdamedio 
338 |a volumen  |b nc  |2 rdasoporte 
649 |a XX 
650 |a Papel 
650 |a Encuadernación 
650 |a Tipografía 
650 |a Composición Tipográfica 
650 |a Diseño Tipográfico 
650 |a Huecograbado 
650 |a Grabado 
650 |a Litografía 
650 |a Imprenta 
650 |a Impresión -  |x Técnica -  |x Tema Principal 
650 |a Diseño Editorial -  |x Técnica 
650 |a Diseño Gráfico -  |x Técnica -  |x Tema Principal 
650 |a Comunicación Visual -  |x Técnica 
700 |a Bruno, Michael H  |e (prólogo) 
910 |a Fondo General 
920 |a Impresos - Libros 
930 |a Colección General 
905 |a 101 
901 |a 0500254595  |b IT1  |c ACC  |i D72766  |u 20250521 
902 |a https://opac.biblio.iteso.mx/vufind/Record/000361136